<?xml version="1.0" encoding="UTF-8"?>
<record
    xmlns:xsi="http://www.w3.org/2001/XMLSchema-instance"
    xsi:schemaLocation="http://www.loc.gov/MARC21/slim http://www.loc.gov/standards/marcxml/schema/MARC21slim.xsd"
    xmlns="http://www.loc.gov/MARC21/slim">

  <leader>02785njm a2200493Ia 4500</leader>
  <controlfield tag="001">23879</controlfield>
  <controlfield tag="003">IT-RoPAU</controlfield>
  <controlfield tag="005">20220918181203.0</controlfield>
  <controlfield tag="008">131025s9999    xx            000 0 und d</controlfield>
  <datafield tag="040" ind1=" " ind2=" ">
    <subfield code="a">IT-RoPAU</subfield>
  </datafield>
  <datafield tag="040" ind1=" " ind2=" ">
    <subfield code="c">IT-RoPAU</subfield>
  </datafield>
  <datafield tag="999" ind1=" " ind2=" ">
    <subfield code="c">103179</subfield>
    <subfield code="d">103179</subfield>
  </datafield>
  <datafield tag="999" ind1=" " ind2=" ">
    <subfield code="b">n.d.</subfield>
  </datafield>
  <datafield tag="100" ind1=" " ind2=" ">
    <subfield code="a">AA.VV.</subfield>
    <subfield code="9">794</subfield>
  </datafield>
  <datafield tag="100" ind1=" " ind2=" ">
    <subfield code="e">Autore musica</subfield>
    <subfield code="9">6927</subfield>
  </datafield>
  <datafield tag="100" ind1=" " ind2=" ">
    <subfield code="g">Codice autore musica SPICS: 12000</subfield>
    <subfield code="9">796</subfield>
  </datafield>
  <datafield tag="245" ind1=" " ind2=" ">
    <subfield code="a">Can Can (Caravelli e la sua orchestra d'archi)-Lp Rb 10</subfield>
  </datafield>
  <datafield tag="250" ind1=" " ind2=" ">
    <subfield code="a">1a ed.</subfield>
  </datafield>
  <datafield tag="260" ind1=" " ind2=" ">
    <subfield code="a">MILANO</subfield>
  </datafield>
  <datafield tag="260" ind1=" " ind2=" ">
    <subfield code="b">CBS - SUGAR</subfield>
    <subfield code="c">1973 [1a Ed.:1973]</subfield>
  </datafield>
  <datafield tag="300" ind1=" " ind2=" ">
    <subfield code="a">DISCO</subfield>
  </datafield>
  <datafield tag="300" ind1=" " ind2=" ">
    <subfield code="c">30 minuti (Testo:  pag.)</subfield>
  </datafield>
  <datafield tag="500" ind1=" " ind2=" ">
    <subfield code="a">Orchestra d'archi</subfield>
  </datafield>
  <datafield tag="505" ind1=" " ind2=" ">
    <subfield code="a">Can can da "La vie parisienne" (2:00) - Poor People of Paris (3:00) - L'ame des poetes (3:00) - Pigalle (3:00) - Douce France (3:00) - Nuages (4:00) - Under Paris Skies (3:00) - Paris (3:00) - Vous qui passez sans me voir (4:00) - The Song from "Moulin Rouge" (3:00) - Paris Is At Her Best in May (3:00)</subfield>
  </datafield>
  <datafield tag="511" ind1=" " ind2=" ">
    <subfield code="a">Direttore d'orchestra: Caravelli</subfield>
  </datafield>
  <datafield tag="650" ind1=" " ind2=" ">
    <subfield code="a">ARRANGIAMENTO [DISCHI]</subfield>
    <subfield code="e">Codice MATERIA SPICS: 9950</subfield>
    <subfield code="9">6928</subfield>
  </datafield>
  <datafield tag="700" ind1=" " ind2=" ">
    <subfield code="a">Caravelli</subfield>
    <subfield code="d">Codice autore SPICS: 7929</subfield>
    <subfield code="e">Autore</subfield>
    <subfield code="9">6929</subfield>
  </datafield>
  <datafield tag="700" ind1=" " ind2=" ">
    <subfield code="a">Offenbach Jacques</subfield>
    <subfield code="d">Codice autore musica SPICS: 11045</subfield>
    <subfield code="e">Autore musica</subfield>
    <subfield code="p">Can can da "La vie parisienne"</subfield>
    <subfield code="9">6930</subfield>
  </datafield>
  <datafield tag="700" ind1=" " ind2=" ">
    <subfield code="a">Monnot M.</subfield>
    <subfield code="d">Codice autore musica SPICS: 14384</subfield>
    <subfield code="e">Autore musica</subfield>
    <subfield code="p">Poor People of Paris</subfield>
    <subfield code="9">6931</subfield>
  </datafield>
  <datafield tag="700" ind1=" " ind2=" ">
    <subfield code="a">Rouzaud </subfield>
    <subfield code="d">Codice autore SPICS: 14385</subfield>
    <subfield code="e">Autore</subfield>
    <subfield code="p">Poor People of Paris</subfield>
    <subfield code="9">6932</subfield>
  </datafield>
  <datafield tag="700" ind1=" " ind2=" ">
    <subfield code="a">Trenet Charles</subfield>
    <subfield code="d">Codice autore musica SPICS: 14412</subfield>
    <subfield code="e">Autore musica</subfield>
    <subfield code="p">L'ame des poetes - Douce France - Vous qui passez sans me voir</subfield>
    <subfield code="9">6933</subfield>
  </datafield>
  <datafield tag="700" ind1=" " ind2=" ">
    <subfield code="a">Wilmer G.</subfield>
    <subfield code="d">Codice autore musica SPICS: 26058</subfield>
    <subfield code="e">Autore musica</subfield>
    <subfield code="p">Pigalle</subfield>
    <subfield code="9">6934</subfield>
  </datafield>
  <datafield tag="700" ind1=" " ind2=" ">
    <subfield code="a">Koger G.</subfield>
    <subfield code="d">Codice autore SPICS: 15813</subfield>
    <subfield code="e">Autore</subfield>
    <subfield code="p">Pigalle</subfield>
    <subfield code="9">6935</subfield>
  </datafield>
  <datafield tag="700" ind1=" " ind2=" ">
    <subfield code="a">Larue Jacques</subfield>
    <subfield code="d">Codice autore musica SPICS: 15882</subfield>
    <subfield code="e">Autore musica</subfield>
    <subfield code="p">Nuages</subfield>
    <subfield code="9">6936</subfield>
  </datafield>
  <datafield tag="700" ind1=" " ind2=" ">
    <subfield code="a">Reinhardt Django</subfield>
    <subfield code="d">Codice autore SPICS: 16176</subfield>
    <subfield code="e">Autore</subfield>
    <subfield code="p">Nuages</subfield>
    <subfield code="9">6937</subfield>
  </datafield>
  <datafield tag="700" ind1=" " ind2=" ">
    <subfield code="a">Drejac J.</subfield>
    <subfield code="d">Codice autore musica SPICS: 26059</subfield>
    <subfield code="e">Autore musica</subfield>
    <subfield code="p">Under Paris Skies</subfield>
    <subfield code="9">6938</subfield>
  </datafield>
  <datafield tag="700" ind1=" " ind2=" ">
    <subfield code="a">Giraud M.</subfield>
    <subfield code="d">Codice autore SPICS: 26080</subfield>
    <subfield code="e">Autore</subfield>
    <subfield code="p">Under Paris Skies</subfield>
    <subfield code="9">6939</subfield>
  </datafield>
  <datafield tag="700" ind1=" " ind2=" ">
    <subfield code="a">Lemarque Francis</subfield>
    <subfield code="d">Codice autore musica SPICS: 15558</subfield>
    <subfield code="e">Autore musica</subfield>
    <subfield code="p">Paris</subfield>
    <subfield code="9">6940</subfield>
  </datafield>
  <datafield tag="700" ind1=" " ind2=" ">
    <subfield code="a">Hess John</subfield>
    <subfield code="d">Codice autore SPICS: 18562</subfield>
    <subfield code="e">Autore</subfield>
    <subfield code="p">Vous qui passez sans me voir</subfield>
    <subfield code="9">6941</subfield>
  </datafield>
  <datafield tag="700" ind1=" " ind2=" ">
    <subfield code="a">Aurin G.</subfield>
    <subfield code="d">Codice autore musica SPICS: 26060</subfield>
    <subfield code="e">Autore musica</subfield>
    <subfield code="p">The Song from "Moulin Rouge" </subfield>
    <subfield code="9">6942</subfield>
  </datafield>
  <datafield tag="700" ind1=" " ind2=" ">
    <subfield code="a">Engvick William</subfield>
    <subfield code="d">Codice autore SPICS: 15849</subfield>
    <subfield code="e">Autore</subfield>
    <subfield code="p">The Song from "Moulin Rouge"</subfield>
    <subfield code="9">6943</subfield>
  </datafield>
  <datafield tag="700" ind1=" " ind2=" ">
    <subfield code="a">Aznavour Charles</subfield>
    <subfield code="d">Codice autore musica SPICS: 9707</subfield>
    <subfield code="e">Autore musica</subfield>
    <subfield code="p">Paris Is At Her Best in May</subfield>
    <subfield code="9">6944</subfield>
  </datafield>
  <datafield tag="700" ind1=" " ind2=" ">
    <subfield code="a">Roche P.</subfield>
    <subfield code="d">Codice autore SPICS: 26081</subfield>
    <subfield code="e">Autore</subfield>
    <subfield code="p">Paris Is At Her Best in May</subfield>
    <subfield code="9">6945</subfield>
  </datafield>
  <datafield tag="942" ind1=" " ind2=" ">
    <subfield code="c">MD</subfield>
    <subfield code="2">ddc</subfield>
  </datafield>
  <datafield tag="952" ind1=" " ind2=" ">
    <subfield code="0">0</subfield>
    <subfield code="1">0</subfield>
    <subfield code="4">0</subfield>
    <subfield code="6">23879_000000000000000</subfield>
    <subfield code="7">1</subfield>
    <subfield code="a">SPICS</subfield>
    <subfield code="b">SPICS</subfield>
    <subfield code="d">2013-10-25</subfield>
    <subfield code="l">0</subfield>
    <subfield code="o">23879</subfield>
    <subfield code="r">2013-10-25 00:00:00</subfield>
    <subfield code="w">2013-10-25</subfield>
    <subfield code="y">MD</subfield>
    <subfield code="z">Progr. Ins.: 4726 / N.Vol.: 1 / Copie: 1 - Copia rara: n.d. / date import: 01.01.2014 - By Epidotti, Trombetti, Vaglietti</subfield>
  </datafield>
</record>
